Keanu Reeves - Sudden Death - Statistics

General Stats
  • This quiz has been taken 394 times
  • The average score is 10 of 18
Answers on the Grid
Answers color-coded by a green-red scale on the quiz's grid according to % correct below.
The Quick and the Dead
The Matrix
Syriana
Constantine
Parenthood
My Own Private Idaho
LA Confidential
Knock Knock
Speed
The Proposal
Bill and Ted’s Excellent Adventure
Black Swan
Out of Sight
The Lake House
Notting Hill
Street Kings
Point Break
The Devil Wears Prada
John Wick
Dangerous Liaisons
American Beauty
47 Ronin
The Replacements
Johnny Mnemonic
Enemy of the State
The Devil’s Advocate
The Bourne Identity
Chain Reaction
Ballerina
True Grit
 
Answer Stats
Answer % Correct
The Matrix
98%
John Wick
88%
Speed
77%
Constantine
76%
Bill and Ted’s Excellent Adventure
70%
Point Break
66%
The Devil’s Advocate
57%
47 Ronin
56%
My Own Private Idaho
47%
Ballerina
43%
Johnny Mnemonic
43%
The Lake House
43%
The Replacements
38%
Chain Reaction
36%
Knock Knock
36%
Parenthood
26%
Street Kings
25%
Dangerous Liaisons
24%
No matching quizzes found
Score Distribution
Percent of People with Each Score
Percentile by Number Answered
Your Score History
You have not taken this quiz